000 00661nam a2200277Ia 4500
005 20260320195708.0
008 008 262003s9999 xx 000 0 hin d
020 _a9788119133420
037 _aEBOOK
040 _aCRL
040 _bhin
040 _cCRL
041 _2hin
041 _ahin
084 _qCRL
100 _aब्रजरतन जोशी
_91132833
245 0 _aअनुभव और उत्कर्ष
250 _a1st
260 _bRajkamal
260 _c2023
300 _a108
856 _uhttps://ebook.indiaread.in/pdfs/9788119133420.pdf
942 _cEBOOK
999 _c1715993
_d1715993